| 000 | 00752nam a2200229 a 4500 | ||
|---|---|---|---|
| 999 |
_c3208 _d3208 |
||
| 001 | 3208 | ||
| 003 | BD-JhCC | ||
| 005 | 20171115094140.0 | ||
| 008 | 171111s1985 bg |||| |||| 000 0 ben d | ||
| 035 | _a(BD-JhCC)3204 | ||
| 040 |
_aBD-JhCC _dBD-JhCC |
||
| 041 | _aben | ||
| 082 |
_a791 _bMOM 1985 |
||
| 100 | _aমোকাম্মেল, তানভীর | ||
| 245 |
_aচলচিত্র / _cতানভীর মোকাম্মেল |
||
| 260 |
_aঢাকা: _bবাংলা একাডেমী ; _c১৯৮৫ |
||
| 300 |
_a৯৩ পৃ.; _c১৮ সেমি |
||
| 490 | _aSeries in honour of the Martyrs of the Language Movement of February 1952. | ||
| 504 | _aIncludes Bibliography. | ||
| 650 | _aCinema | ||
| 942 |
_2ddc _cBK |
||